| 000 | 00909 a2200301 4500 | ||
|---|---|---|---|
| 001 | 200042708 | ||
| 999 |
_c200042708 _d24124 |
||
| 003 | TR-AnTOB | ||
| 005 | 20230907102130.0 | ||
| 008 | 141201s2010 tu 001 0 | ||
| 020 | _a9789751623089 | ||
| 040 |
_aTR-AnTOB _btur _erda |
||
| 041 | 0 | _atur | |
| 050 | 0 | 0 |
_aPL73.1 _a.G362010 |
| 090 | _aPL73.1 .G36 2010 | ||
| 100 | 1 |
_aGaniyev, Fuat A. _977072 |
|
| 245 | 1 | 0 |
_aTatarcada birleşik kelime teşekkülü : _cFuat A. Ganiyev ; çev. Caşteğin Turgunbayer. |
| 264 | 1 |
_aAnkara : _bTürk Dil Kurumu Yayınları, _c2010. |
|
| 300 |
_a154. : _c24 cm. |
||
| 336 |
_atext _2rdacontent |
||
| 337 |
_aunmediated _2rdamedia |
||
| 338 |
_avolume _2rdacarrier |
||
| 504 | _aIncludes bibliographical references. | ||
| 650 | 0 | 7 |
_aTatar dili _2etuturkob _977073 |
| 650 | 0 | 0 |
_aTatar language _977074 |
| 700 | 1 |
_aGaniyev, Fuat A. _977072 |
|
| 942 | _cBK | ||